000 00324nam a2200145Ia 4500
008 170203s9999 xx 000 0 und d
020 _a0-439327660
050 _aFic
050 _b.D121s 2001
245 _aSchool's In! /
260 _aNew York :
260 _bScholastic Inc.
260 _c2001
300 _a63 pages;
999 _c306142
_d306142